00618nam a2200217Ia 4500003000900000008004100009040001300050040001300063041000800076100002100084245002300105250001000128260001100138260000900149300001100158300001000169490000600179942000700185999001700192952019100209IT-RoPAU120407s9999 xx 000 0 und d aIT-RoPAU cIT-RoPAU aita aJacques Maritain aHumanisme integral aParis aAubier c1936 a336 p. c19 cm v1 cBK c32902d32902 00102ddc4061_100000000000000_3071aPAULUSbPAULUSd2012-04-11l0o1.1.30r2012-04-11 00:00:00w2012-04-11yBKzInserito da: LuigiG In data: 11 ottobre 2011 fondo: Fanella Progr:10608